|
|
|
|
| LEADER |
00000nam a2200000 a 4500 |
| 001 |
vtls011711989 |
| 003 |
SK-MaSNL |
| 005 |
20260302020325.0 |
| 008 |
240318s2017 xr hoc g h 001 0bcze |
| 015 |
|
|
|a SNBZSA2018/01
|
| 020 |
|
|
|a 9788026415992
|q (viazané)
|
| 035 |
|
|
|a urn:nbn:sk:snk-am00dgg3
|
| 035 |
|
|
|a urn:nbn:sk:snk-am3i1g3
|
| 035 |
|
|
|a 2093B1EF-0D1C-4801-8D3A-02CF81A47B92
|
| 040 |
|
|
|a SNK
|b slo
|c SNK
|e AACR2
|
| 041 |
0 |
|
|a cze
|
| 043 |
|
|
|a e-cs---
|
| 044 |
|
|
|a xr
|c CZ
|
| 072 |
|
7 |
|a 32
|x Politika
|2 konspekt
|
| 072 |
|
7 |
|a 929
|x Biografie
|2 konspekt
|
| 080 |
|
|
|a 32-051
|2 2011
|
| 080 |
|
|
|a 94(437)
|2 2011
|
| 080 |
|
|
|a (092)
|2 2011
|
| 080 |
|
|
|a (093)
|2 2011
|
| 080 |
|
|
|a (084.12)
|2 2011
|
| 100 |
1 |
|
|a Emmert, František,
|d 1974-
|4 aut
|9 119883
|
| 245 |
1 |
0 |
|a Tomáš Garigue Masaryk
|b prezident a myslitel
|c František Emmert
|
| 250 |
|
|
|a 1. vyd.
|
| 260 |
|
|
|a V Brně
|b CPress
|b Albatros Media
|c 2017
|
| 300 |
|
|
|a 252 s.
|b faksim., fotogr., portréty
|c 31 cm
|
| 500 |
|
|
|a Vydalo nakladatelství CPress ve společnosti Albatros Media
|
| 504 |
|
|
|a Register
|
| 600 |
1 |
7 |
|a Masaryk, Tomáš Garrigue,
|d 1850-1937
|2 SNKMA
|9 98178
|
| 648 |
|
7 |
|a 19.-20. stor.
|2 SNKPH
|9 268609
|
| 650 |
0 |
7 |
|a politici
|2 SNKPH
|9 2679
|
| 650 |
0 |
7 |
|a prezidenti
|2 SNKPH
|9 4128
|
| 650 |
0 |
7 |
|a Politicians
|2 SNKPHeng
|9 281560
|
| 650 |
0 |
7 |
|a Presidents
|2 SNKPHeng
|9 277474
|
| 651 |
|
7 |
|a Československo
|x dejiny
|2 SNKPH
|9 161432
|
| 651 |
|
7 |
|a Czechoslovakia
|x History
|2 SNKPHeng
|9 125910
|
| 655 |
|
7 |
|a biografie
|2 SNKPH
|9 27965
|
| 655 |
|
7 |
|a dokumenty
|2 SNKPH
|9 70482
|
| 655 |
|
7 |
|a fotografické publikácie
|2 SNKPH
|9 70483
|
| 655 |
|
7 |
|a Biography
|2 SNKPHeng
|9 266314
|
| 655 |
|
7 |
|a Documents
|2 SNKPHeng
|9 277725
|
| 655 |
|
7 |
|a Photographic publication
|2 SNKPHeng
|9 266858
|
| 752 |
|
|
|a Česko
|d Brno
|
| 919 |
|
|
|a 978-80-264-1599-2
|
| 958 |
|
|
|a ZS
|
| 958 |
|
|
|a NB
|
| 999 |
|
|
|c 1024677
|d 1026607
|
| 952 |
|
|
|a SNK
|b SNK
|y PREZ
|7 0
|p 17A1273914
|o snkSB 92274
|i snk2017/23885
|8 4
|g 24.15
|0 0
|1 0
|4 0
|d 2017-10-20
|f 1
|l 0
|r 2025-05-13 00:00:00
|w 2026-02-24
|
| 952 |
|
|
|t snkMAS 32:929
|a SNKUST
|b SNKUST
|y PREZ
|7 0
|p 17A1307423
|o snkSB 92274 D1
|i snk2018/1791
|8 4
|g 24.72
|0 0
|1 0
|4 0
|d 2018-01-04
|l 0
|r 2025-04-30 00:00:00
|w 2026-02-24
|